A KerékGyártó Kft. vagyoni, pénzügyi és jövedelmezőségi helyzetének elemzése több év beszámolói alapján

Bibliográfiai részletek
Szerző: Sarkadi-Encsy Alíz
További közreműködők: Szabó Szabolcs
Dokumentumtípus: Diplomadolgozat
Kulcsszavak:Vagyoni, pénzügyi, jövedelmezőségi elemzés
Gazdasági elemzés
Jövedelmezőségi helyzet
Online Access:http://dolgozattar.uni-bge.hu/9089

MARC

LEADER 00000nta a2200000 i 4500
001 dolg9089
005 20161215153257.0
008 161215suuuu hu om 000 hun d
040 |a BGE Dolgozattár Repozitórium  |b hun 
041 |a hu 
100 1 |a Sarkadi-Encsy Alíz 
245 1 2 |a A KerékGyártó Kft. vagyoni, pénzügyi és jövedelmezőségi helyzetének elemzése több év beszámolói alapján  |c Sarkadi-Encsy Alíz  |h [elektronikus dokumentum] 
695 |a Vagyoni, pénzügyi, jövedelmezőségi elemzés 
695 |a Gazdasági elemzés 
695 |a Jövedelmezőségi helyzet 
700 1 |a Szabó Szabolcs  |e ths 
856 4 0 |u http://dolgozattar.uni-bge.hu/9089/1/Sarkadi-Encsy%20Aliz%20-%20Szakdolgozat.pdf  |z Dokumentum-elérés 
856 4 0 |u http://dolgozattar.uni-bge.hu/9089/2/Titkos%C3%ADt%C3%A1si%20k%C3%A9relem.pdf  |z Dokumentum-elérés